000 00905cab a2200241 4500
001 WB3118-27
008 090401t1995 xxu||||| |||| 00| 0 eng d
035 _a(Sirsi) u65777
041 _aeng
245 _aMortgage interest relief
260 _c1995
350 _a0
490 _aInland Revenue Press Release
_v3 May 1995, (4)
520 _aA new extra-statutory concession allows relief for interest on a property used for both residential and business purposes. Extra-statutory concession A27 (ESC A27) Mortgage Interest Relief: Temporary absence from mortgaged property has been revised to take into account changes introduced by the Finance Act 1995.
650 _aEXTRA-STATUTORY CONCESSIONS
650 _aFINANCE ACT 1995 S39
650 _aINCOME TAX RELIEF
650 _aMIRAS
650 _aMORTGAGE INTEREST TAX RELIEF
690 _aTAXATION
942 _n0
948 _c04/03/1997
999 _c41060
_d41060